Littérature par lettre - T - Statistiques

Statistiques générales
  • Ce quiz a été pris 175 fois
  • Le résultat moyen est 9 sur 15
Statistiques - réponses
Questions Réponses % Correct
Quel est le livre sacré des juifs ? La Torah
91%
Quel auteur russe a écrit "Guerre et Paix", ainsi qu"Anna Karénine" ? Leon Tolstoï
91%
Quels frères construisent chacun, une maison de paille, de bois et de briques ? Les Trois petits cochons
91%
Quel reporter belge a été inventé par Hergé, en 1929 ? Tintin
91%
Quel romancier nous a laissé le roman du "Seigneur des Anneaux" ? J.R.R Tolkien
87%
Quelle série de romans fantastiques avec des vampires et loups-garou est l'oeuvre de Stephenie Meyer ? Twilight
74%
Qui est le fils le plus célèbre d'Ulysse et Pénélope, auquel Fénelon a également reservé un ouvrage ? Télémaque
67%
Quel personnage, né sur les bords du Mississipi a été inventé par Mark Twain à la fin du XIXème siècle ? Tom Sawyer
67%
Quelle série de bande dessinée jeunesse met en scène la famille Dubouchon troublée par les bêtises des deux enfants ? Tom Tom et Nana
59%
Quel mythe littéraire est l'histoire de deux amants, ayant bu un philtre d'amour les liant ? Tristan et Iseult
53%
Quel roman de celui-ci narre les aventures de Bilbo ? The Hobbit
47%
Quel homme politique et a écrit "De la Démocratie en Amérique" Alexis de Tocqueville
38%
Quel écrivain français a écrit "Vendredi ou la vie sauvage" ? Michel Tournier
34%
Quel écrivain russe a écrit "Roudine" et "Nid de gentilhomme ou Nid de seigneurs" durant le XIXème siècle? Ivan Tourgueniev
18%
Quel écrivain russe de la fin du XIXème siècle a écrit "Le Pari" ou encore "Les Garçons" ? Anton Tchekov
14%
Aucun quiz correspondant
Distribution des résultats
% des personnes avec chaque résultat
Percentile par nombre de réponses
Votre historique - résultats
Vous n’avez pas pris ce quiz